<?xml version="1.0" encoding="UTF-8"?>
<record
    xmlns:xsi="http://www.w3.org/2001/XMLSchema-instance"
    xsi:schemaLocation="http://www.loc.gov/MARC21/slim http://www.loc.gov/standards/marcxml/schema/MARC21slim.xsd"
    xmlns="http://www.loc.gov/MARC21/slim">

  <leader>01394nab a2200229 i 4500</leader>
  <controlfield tag="001">BPP</controlfield>
  <controlfield tag="003">BPK</controlfield>
  <controlfield tag="005">20160119110107.0</controlfield>
  <controlfield tag="008">160119s2012    pl  |  |     |000 ||pol</controlfield>
  <datafield tag="040" ind1=" " ind2=" ">
    <subfield code="c">BPK</subfield>
  </datafield>
  <datafield tag="041" ind1=" " ind2=" ">
    <subfield code="a">pol</subfield>
    <subfield code="b">eng</subfield>
  </datafield>
  <datafield tag="080" ind1=" " ind2=" ">
    <subfield code="a">37:502</subfield>
  </datafield>
  <datafield tag="100" ind1=" " ind2=" ">
    <subfield code="a">H&#x141;OBI&#x141;, Agnieszka.</subfield>
    <subfield code="d">2009 - .</subfield>
    <subfield code="b">Politechnika Koszali&#x144;ska - Instytut Technologii i Edukacji,</subfield>
    <subfield code="c">Zak&#x142;ad Pedagogiki Opieku&#x144;czo-Wychowawczej i Psychopedagogiki</subfield>
  </datafield>
  <datafield tag="245" ind1=" " ind2=" ">
    <subfield code="a">Psychopedagogiczne aspekty aktywnego nauczania przyrody =</subfield>
    <subfield code="b">Psychopedagogical aspects of active teaching of nature /</subfield>
    <subfield code="c">Agnieszka H&#x142;obi&#x142;.</subfield>
  </datafield>
  <datafield tag="260" ind1=" " ind2=" ">
    <subfield code="c">2012.</subfield>
  </datafield>
  <datafield tag="500" ind1=" " ind2=" ">
    <subfield code="a">Dane z autopsji.</subfield>
  </datafield>
  <datafield tag="520" ind1=" " ind2=" ">
    <subfield code="a">Stworzenie bloku przyroda by&#x142;o najwi&#x119;ksz&#x105; programow&#x105; zmian&#x105; w&#x15B;r&#xF3;d skutk&#xF3;w reformy szkolnictwa. Eliminowanie nadmiaru tre&#x15B;ci - to tendencja, kt&#xF3;r&#x105; mocno nale&#x17C;y akcentowa&#x107; w podej&#x15B;ciu do nauczania przyrody, a odpowiednio dobrane metody zapoznawania uczni&#xF3;w z otaczaj&#x105;cym &#x15B;wiatem przyrodniczym i spo&#x142;ecznym pozwalaj&#x105; na samodzielne dzia&#x142;anie, uczenie si&#x119; metod&#x105; pr&#xF3;b i b&#x142;&#x119;d&#xF3;w, manipulowanie narz&#x119;dziami i przedmiotami.</subfield>
  </datafield>
  <datafield tag="650" ind1=" " ind2=" ">
    <subfield code="a">Przyroda - nauczanie.</subfield>
  </datafield>
  <datafield tag="650" ind1=" " ind2="0">
    <subfield code="a">Edukacja ekologiczna.</subfield>
  </datafield>
  <datafield tag="773" ind1=" " ind2=" ">
    <subfield code="i">W :</subfield>
    <subfield code="t">Rocznik Ochrona &#x15A;rodowiska = Annual Set The Environment Protection. -</subfield>
    <subfield code="d">Koszalin : Wydaw. &#x15A;rodkowo-Pomorskiego Towarzystwa Naukowego Ochrony Srodowiska, 2012. -</subfield>
    <subfield code="g">T. 14, s. 960-970</subfield>
  </datafield>
  <datafield tag="942" ind1=" " ind2=" ">
    <subfield code="c">ART</subfield>
    <subfield code="2">UKD</subfield>
  </datafield>
  <datafield tag="999" ind1=" " ind2=" ">
    <subfield code="c">6460</subfield>
    <subfield code="d">6460</subfield>
  </datafield>
  <datafield tag="952" ind1=" " ind2=" ">
    <subfield code="0">0</subfield>
    <subfield code="1">0</subfield>
    <subfield code="4">0</subfield>
    <subfield code="7">0</subfield>
    <subfield code="a">BPK</subfield>
    <subfield code="b">BPK</subfield>
    <subfield code="o">01266</subfield>
    <subfield code="y">ART</subfield>
  </datafield>
</record>
